Cómo reclutar a un equipo de alto desempeño de otra empresa (Registro nro. 10755)
[ vista simple ]
| 000 -LEADER | |
|---|---|
| fixed length control field | 00408 a2200121 4500 |
| 001 - CONTROL NUMBER | |
| control field | ART_10083 |
| 005 - DATE AND TIME OF LATEST TRANSACTION | |
| control field | 20260410161612.0 |
| 008 - FIXED-LENGTH DATA ELEMENTS--GENERAL INFORMATION | |
| fixed length control field | 260409a |
| 100 1# - MAIN ENTRY--PERSONAL NAME | |
| Personal name | Groysberg, Boris |
| 245 10 - TITLE STATEMENT | |
| Title | Cómo reclutar a un equipo de alto desempeño de otra empresa |
| 700 1# - ADDED ENTRY--PERSONAL NAME | |
| Personal name | Abrahams, Robin |
| 773 0# - HOST ITEM ENTRY | |
| Title | Harvard Business Review |
| Related parts | Liberar un gran desempeño - Vol. 84, Nº 12 (dic. 2006) |
| Record control number | REV340 |
No hay ítems disponibles.